The capacity of local governments in Nepal: (Record no. 507300)

000 -LEADER
fixed length control field 01360nam a2200157 4500
008 - FIXED-LENGTH DATA ELEMENTS--GENERAL INFORMATION
fixed length control field 190208b ||||| |||| 00| 0 eng d
100 ## - MAIN ENTRY--PERSONAL NAME
Personal name Acharya, Keshav K.
245 ## - TITLE STATEMENT
Title The capacity of local governments in Nepal:
Remainder of title from government to governance and governability?
260 ## - PUBLICATION, DISTRIBUTION, ETC. (IMPRINT)
Date of publication, distribution, etc 2018
300 ## - PHYSICAL DESCRIPTION
Extent p.186-197.
520 ## - SUMMARY, ETC.
Summary, etc Local governments are units of government closest to the grassroots, with responsibility not only for institutionalising local governance by creating an enabling environment to promote democratic values and public participation in decision-making, but also for accelerating social and economic development in order to enhance the quality and prosperity of community life. These fundamental aspects of their responsibility constitute core goals in most governmental systems. In Nepal, however, as in many other countries, the goals are only partially pursued and met, despite relevant institutional arrangements having been put in place. Accordingly, as highlighted in the discussion, there is much still to be done to ensure local governments have the requisite capacity to design and deliver services and infrastructure of immediate local significance. - Reproduced.
650 ## - SUBJECT ADDED ENTRY--TOPICAL TERM
Topical term or geographic name as entry element Governance-Nepal
9 (RLIN) 1505
773 ## - HOST ITEM ENTRY
Main entry heading Asia Pacific Journal of Public Administration
906 ## - LOCAL DATA ELEMENT F, LDF (RLIN)
Subject DIP Local government - Nepal
942 ## - ADDED ENTRY ELEMENTS (KOHA)
Source of classification or shelving scheme
Item type Articles
Holdings
Withdrawn status Lost status Source of classification or shelving scheme Damaged status Not for loan Permanent location Current location Date acquired Serial Enumeration / chronology Barcode Date last seen Koha item type
          Indian Institute of Public Administration Indian Institute of Public Administration 2019-02-08 40(3), Sep, 2018: p.186-197. AR118832 2019-02-08 Articles

Powered by Koha